000 00504nam a22001697a 4500
005 20170503171643.0
010 _aENG-118035
020 _a9789385285578
_c495.00
035 _aEN-101567
037 _bDBAD/PUB
082 _aN
100 _aSethumadhavan, A.
245 _aThe saga of muziris/
_cBy A. Sethumadhavan (Sethu); translated from the Malayalam original Marupiravi by Prema Jayakumar
260 _aNew Delhi
_bNiyogi Books
_c2017
300 _a430p.
_c23cm.(Hb)
942 _2ddc
_cEN
_hN
_mSET
999 _c139483
_d139483